000 00341 a2200157 4500
001 15316
020 _a9788547303549
040 _cAnchieta - Aquarius
100 _aSydenstricker, Iara
240 1 0 _aVictor passeia
_l
245 1 0 _aVictor passeia
300 _a27
362 0 _a2016
650 4 _aLiteratura infanto-juvenil
942 _cBK
999 _c15316
_d15316